000 00482nam a2200181Ia 4500
005 20250326141914.0
008 250326s9999 xx 000 0 und d
037 _aTextbook
040 _aFMSL
_beng
_cFMSL
041 _aeng
_2eng
084 _qFMSL
100 _aMishra R K
245 0 _aManagement of state level public enterprises in India
_cMishra R K
260 _aNew Delhi
_bNew Delhi, National
_c1989
300 _a628p
942 _cTB
999 _c1292540
_d1292540